Análisis arquitectónico de viviendas residenciales en serie en la ciudad de Managua y sus alrededores, construidas en la década de los noventa

Presenta un análisis arquitectónico de las viviendas residenciales en serie construidas en Managua y sus alrededores durante la década de los noventa. Plantea análisis de los factores que influenciaron la construcción de viviendas en la década de los noventa; Incluye el análisis de los aspect...

Full description

Bibliographic Details
Main Author: Bravo Espinosa, Brydma Marina
Other Authors: Tutor: Herrera Montenegro, Juan Francisco
Format: Tesis Section = Libro
Language:Undetermined
Spanish
Published: Managua UNI 2004
Subjects:
LEADER 01732nam a2200253Ia 4500
008 240830s9999 xx 000 0 und d
040 |a BIBLIOTECA-RUSB/ Mon 728 B826 
041 |a spa 
082 |a Mon 728 B826 
100 1 |a Bravo Espinosa, Brydma Marina 
245 1 0 |a Análisis arquitectónico de viviendas residenciales en serie en la ciudad de Managua y sus alrededores, construidas en la década de los noventa 
260 |a Managua  |b UNI  |c 2004 
300 |a 210 p. :il. 
500 |a Contiene: anexos y gráficos. 
502 |a Tesis (Arquitecto) - UNI, 2004. 
520 3 |a Presenta un análisis arquitectónico de las viviendas residenciales en serie construidas en Managua y sus alrededores durante la década de los noventa. Plantea análisis de los factores que influenciaron la construcción de viviendas en la década de los noventa; Incluye el análisis de los aspectos urbanos generales de las urbanizaciones seleccionadas, en los que aborda tipologías de localización de la urbanización en la ciudad, tipologías de localización de las urbanizaciones en las vías, localización de la vivienda en el lote; rasgos de Fos y Fot en las urbanizaciones de los 90. Contiene el análisis arquitectónico de cada una de las viviendas seleccionadas en las que aborda, localización, función, forma, espacio, composición de la fachada y el tratamiento en planta. 
650 7 |a VIVIENDAS RESIDENCIALES-MANAGUA - URBANISMO 
650 7 |b  ANALISIS ARQUITECTONICO - VIVIENDAS RESIDENCIALES 
650 7 |c  TIPOLOGIAS DE LOCALIZACION - URBANIZACION - VIAS 
650 7 |d  SISTEMAS CONSTRUCTIVOS 
700 1 |a Tutor:  |b Herrera Montenegro, Juan Francisco 
942 |c BK  |2 ddc 
991 |a TESIS 
999 |c 21431